000 01061nam a22002297a 4500
005 20260224141017.0
008 260224b |||||||| |||| 00| 0 eng d
020 _a9789387889316 (hbk)
037 _cTB
040 _aCRL
_cCRL
041 _2hin
_ahin
084 _aO152,1N5:g Q8
_qCRL
100 _aपालीवाल, कृष्णदत्त
245 _aनवजागरण:
_bदेशी स्वछन्दतावाद और नयी काव्ययधारा
260 _aनई दिल्ली, भारत:
_bवाणी प्रकाशन,
_c2018.
300 _a251पृ.
365 _b595.00
_cINR
650 _aहिन्दी कविता
650 _aहिन्दी साहित्य
942 _2CC
_cTB
_hO152,1N5:g Q8
_n0
999 _c1680130
_d1680130